Connaissez-vous bien la F1 ? - Statistiques

Statistiques générales
  • Ce quiz a été pris 120 fois
  • Le résultat moyen est 10 sur 23
Statistiques - réponses
Hint Réponse % Correct
Quel est ce pilote a avoir remporté le plus souvent "son" Grand Prix national ? Lewis Hamilton
96%
Quel a été le numéro de pilote le plus souvent porté par les champions du monde F1 ? 1
75%
Quelle écurie a remporté le plus de courses sprint ? Red Bull
73%
Quelle est l'écurie a avoir remporté le plus de titres constructeur ? Ferrari
72%
Combien de monoplaces se positionnent sur la grille lors du re-start du GP de Hongrie 2021 ? 1
71%
Quel est ce pilote espagnol qui a été 3 fois vice-champion du monde ? Fernando Alonso
65%
Quel est le dernier pilote a avoir remporté un GP lors du dernier tour de la course ? Max Verstappen
58%
Quel est ce pilote autrichien a avoir remporté 3 titres de champion du monde ? Nikki Lauda
54%
Le Royaume-Uni et l'Allemagne sont les deux premiers pays d'où sont originaires les champions du monde de F1. Quel est le 3e pays ? Brésil
47%
Quel a été le pilote le plus souvent présent sur la première ligne de la grille avec Lewis Hamilton ? Nico Rosberg
47%
Si Ferrari a remporté en tant que motoriste le plus de championnat, quel est son dauphine motoriste ? Renault
45%
Quel est le nom de ce circuit où le tour de pole position le plus rapide de l'histoire a été effectué (vitesse moyenne : 262,363 km/h) ? Monza
43%
Quel a été la première "voiture" a passer la ligne d'arrivée lors du GP d'Australie 2024 ? Safety Car
39%
En quelle année a lieu le "Grand Prix de la honte" à Indianapolis, où seulement 6 voitures sur 20 prendront le départ ? 2005
33%
Quel est le dernier pilote a avoir passé premier la ligne d'arrivée, sans toutefois remporter la course ? George Russel
33%
Avec quelle écurie Giuseppe Farina remporte le premier championnat du monde pilote en 1950 ? Alfa Romeo
26%
Comment désigne-t-on le fait pour un pilote de réussir, lors d'un même week-end de Grand Prix, la pole position, le meilleur tour en course et la victoire ? Hat trick
24%
Quel est le manufacturier de pneus le plus titré de l'histoire ? Goodyear
22%
En 2023, lors de quel Grand Prix s'est joué le championnat pilotes ? Qatar
22%
Quel est le pilote engagé en 2024 qui a le plus souvent abandonné lors de sa carrière dans le premier tour d'une course ? Nico Hulkenberg
17%
Quel a été ce Grand Prix qui a été le plus court de l'histoire (3 minutes et 27 secondes) GP de Belgique 2021
9%
Quel est le nom de ce directeur de couse décédé brutalement, qui précède Michael Masi ? Charlie Whiting
7%
Quel est ce pilote qui est arrivé le plus souvent en 4e position d'un Grand Prix, avec pour se consoler une médaille en chocolat ? Sebastian Vettel
6%
Aucun quiz correspondant
Distribution des résultats
% des personnes avec chaque résultat
Percentile par nombre de réponses
Votre historique - résultats
Vous n’avez pas pris ce quiz